| 000 | 00993nam0a22002651 4500 | ||
|---|---|---|---|
| 001 | rc\4651398 | ||
| 005 | 20260406201538.0 | ||
| 021 |
_aRU _b[64-14435] |
||
| 035 | _a(NLR Aleph) 008691673 | ||
| 090 |
_a9242766 _c9242766 |
||
| 100 | _a20130416d1964 |||y0rusy50 ca | ||
| 101 | 0 | _arus | |
| 102 | _aRU | ||
| 105 | _ay z ||||| | ||
| 200 | 1 |
_a46-я годовщина Советских Вооруженных Сил _e(Метод. материалы для докладчиков) _fО-во "Знание" Литов. ССР |
|
| 210 |
_aВильнюс _cБ. и. _d1964 |
||
| 215 |
_a14 с. _d18 |
||
| 333 | _aНа правах рукописи | ||
| 601 | 0 | 2 |
_aВооруженные силы СССР _jМатериалы для докладов, лекций и т. п. _2psbo |
| 712 | 0 | 2 |
_a"Знание", о-во ЛитССР _cВильнюс _3RU\NLR\AUTH\889961275 _9418862 |
| 801 | 0 |
_aRU _bNLR _gpsbo |
|
| 801 | 1 |
_aRU _bELAR _2rusmarc |
|
| 852 |
_aNLR _j64-4/4863 |
||
| 942 | _cBOOK | ||
| 980 | _aNB | ||